000 00238nam a2200097Ia 4500
005 20251222114408.0
008 251222s1900||||xx |||||||||||||| ||spa||
082 _aDVD0111/L89/2000/Ej.2
245 0 _aPollitos en fuga:Chicken Run
942 _cDVD
999 _c1938
_d1938